000 00417pab a2200169 454500
008 180718b2010 xxu||||| |||| 00| 0 eng d
100 _aPrabhavathi, M.C.
245 _aLabour management in India since 1990's
260 _c2010
300 _ap.327-339.
362 _aOct
650 _aLabour policy - India
650 _aLabour policy
773 _aIndian Journal of Economics
908 _aN
909 _a91582
999 _c91582
_d91582